A journey in Brazil /

Bibliographic Details
Main Author: Agassiz, Louis, 1807-1873
Other Authors: Agassiz, Elizabeth Cabot Cary, 1822-1907
Format: Book
Language:English
Published: Boston : Ticknor and Fields, 1868.
Subjects:

MARC

Tag First Indicator Second Indicator Subfields
LEADER 00000cam a2200000 4500
001 in00000667921
005 20151015090429.0
008 801008r18681868miuaf a 00010 eng d
035 |a (OCoLC)06801523 
035 |9 ACY4344AM 
040 |a EEU  |c TXA  |d UtOrBLW 
049 |a TXAI 
090 |a F2513  |b .A264 
092 |a 918.1/04 
099 |a film  |a B  |a 1512  |a reel  |a 415.13 
100 1 |a Agassiz, Louis,  |d 1807-1873. 
245 1 2 |a A journey in Brazil /  |c By Professor and Mrs. Louis Agassiz. 
264 1 |a Boston :  |b Ticknor and Fields,  |c 1868. 
300 |a xix, 540 pages :  |b frontispiece, illustrations, plates. ;  |c 22 cm. 
336 |a text  |b txt  |2 rdacontent 
337 |a microform  |b h  |2 rdamedia 
338 |a microfilm reel  |b hd  |2 rdacarrier 
500 |a On verso of t.-p.: Fourth edition. 
500 |a Microfilm. Ann Arbor, Mich., University Microfilms [n.d.] (American culture series, Reel 415.13) 
500 |a Microform. 
650 0 |a Geology  |z Amazon River Valley. 
651 0 |a Brazil  |x Description and travel. 
700 1 |a Agassiz, Elizabeth Cabot Cary,  |d 1822-1907. 
999 |a MARS 
999 f f |s 50a9036b-5c64-3104-8b7d-c6d8e1da3e77  |i 008a2832-5463-325c-b2c7-6195aa2c12d6  |t 0 
952 f f |p default  |a Texas A&M University  |b College Station  |c Sterling C. Evans Library  |d Evans: Microforms (3rd floor)  |t 0  |e film B 1512 reel 415.13  |h Other scheme  |i microform -- microfilm reel 
998 f f |a film B 1512 reel 415.13  |t 0  |l Evans: Microforms (3rd floor)